University chemistry
Сохранить в:
| Главные авторы: | , |
|---|---|
| Другие авторы: | |
| Формат: | |
| Язык: | английский |
| Опубликовано: |
Boston
Heath and Company
1965
|
| Предметы: | |
| Метки: |
Добавить метку
Нет меток, Требуется 1-ая метка записи!
|
MARC
| LEADER | 00000nam a2200000 a 4500 | ||
|---|---|---|---|
| 001 | UCR4980 | ||
| 003 | CL-VaPUC | ||
| 008 | 980320e19650000US |||||||||||||||||eng|d | ||
| 082 | 0 | 4 | |a 540 |b BAI |2 21 |
| 100 | 0 | |a Bailar, John C |e author |9 405639 | |
| 700 | |a Moeller, Therald |e autor |9 553723 | ||
| 700 | 0 | |a Kleinberg, Jacob |e author |9 405641 | |
| 245 | 1 | 0 | |a University chemistry |
| 300 | |a 718 p | ||
| 942 | |c BK | ||
| 945 | |d 19980320 00:00:00 |a crobeson | ||
| 260 | |a Boston |b Heath and Company |c 1965 | ||
| 650 | 0 | |a Química |9 259896 | |
| 650 | 7 | |a ELEMENTOS QUIMICOS |2 CL-VaPUC |9 306895 | |
| 650 | 7 | |a COMPUESTOS ORGANICOS |2 CL-VaPUC |9 306788 | |
| 650 | 7 | |a COMPUETOS INORGANICOS |2 CL-VaPUC |9 405642 | |
| 650 | 0 | |a Reacciones químicas |9 259438 | |
| 583 | |a last modification |c 20190725 10:17:57 |k Rodrigo Vera | ||
| 999 | |c 267755 |d 267753 | ||
| 952 | |0 0 |1 0 |4 0 |6 540_000000000000000_BAI_1965 |7 0 |8 A |9 300268 |a BIBALI |b BIBALI |c GEN |d 2019-11-20 |i 1969099 |o 540 BAI 1965 |p 1969099 |r 2025-01-20 |w 2019-11-20 |y BK |k ALI | ||